Normal view
MARC view
Entry Personal Name
001 - CONTROL NUMBER
- control field: 1546
003 - CONTROL NUMBER IDENTIFIER
- control field: BD-RjUL
005 - DATE AND TIME OF LATEST TRANSACTION
- control field: 20220222152944.0
008 - FIXED-LENGTH DATA ELEMENTS
- fixed length control field: 220222|| aca||aabn | a|a d
040 ## - CATALOGING SOURCE
- Original cataloging agency: BD-RjUL
- Transcribing agency: BD-RjUL
100 ## - HEADING--PERSONAL NAME
- Personal name: আল-বূসীরী, শরফুদ্দীন
- Titles and other words associated with a name: ১২১৩ - ১২৯৬ খ্রী.
- General subdivision: সমালোচনা ও ব্যাখ্যা
670 ## - SOURCE DATA FOUND
- Source citation: Work cat.: (BD-RjUL)79445: গনি, মো. ওসমান 1543, হাসসান ইবন ছাবিত ও শরফুদ্দীন আল-বূসীরীর কবিতায় নবীপ্রেম :, ২০১৫